| 000 | 00547nam a2200181Ia 4500 | ||
|---|---|---|---|
| 005 | 20250508163353.0 | ||
| 008 | 008 250505s9999 xx 000 0 eng d | ||
| 037 | _aTextual | ||
| 040 |
_aFEDL _beng _cFEDL |
||
| 041 |
_aeng _2eng |
||
| 084 |
_a640, INS _qFEDL |
||
| 100 |
_aMalhan S _9775219 |
||
| 245 | 0 | _aHow science and family life education : Proceedings of the National Seminar | |
| 260 |
_aNew Delhi, India _bInstitute of Home Economics _c1982 |
||
| 300 | _a146p. | ||
| 942 |
_cTEXL _h640, INS |
||
| 999 |
_c1382621 _d1382621 |
||